World Capitals starting with V (with hints) - Statistics

General Stats
  • This quiz has been taken 31 times
  • The average score is 6 of 7
Answer Stats
Continent Capital % Correct
Europe Vaduz
91%
Europe Vatican City
91%
Europe Vienna
86%
Europe Vilnius
82%
Europe Valletta
77%
Asia Vientiane
77%
Africa Victoria
59%
No matching quizzes found
Score Distribution
Percent of People with Each Score
Percentile by Number Answered
Your Score History
You have not taken this quiz